[Event "European Blitz 2021"]
[Site "Katowice POL"]
[Date "2021.12.17"]
[Round "20.46"]
[White "Reimanis, Ritvars"]
[Black "Golubovskis, Maksims"]
[Result "1-0"]
[WhiteTitle "IM"]
[BlackTitle "FM"]
[WhiteElo "2397"]
[BlackElo "2210"]
[WhiteFideId "11602988"]
[BlackFideId "11608528"]
[EventDate "2021.12.17"]

1. Nf3 Nf6 2. c4 c5 3. b3 g6 4. Bb2 Bg7 5. Nc3 O-O 6. g3 d5 7. Nxd5 Nxd5 8. Bxg7
Kxg7 9. cxd5 Qxd5 10. Bg2 Nc6 11. O-O Bg4 12. h3 Bxf3 13. Bxf3 Qd7 14. Bg2 Rfd8
15. d3 Rac8 16. a3 b6 17. Rb1 Qe6 18. Re1 Qd6 19. Qc1 e5 20. h4 h5 21. Qb2 f6
22. Rec1 Nd4 23. Re1 Ne6 24. Bh3 Rc7 25. Rbc1 Kf7 26. Qa2 Qd5 27. Bg2 Qd6 28. b4
cxb4 29. axb4 Ke7 30. Rxc7+ Qxc7 31. Ra1 Rd7 32. Qd2 Nd4 33. Qh6 Nxe2+ 34. Kh2
Rxd3 35. Rxa7 1-0

[Event "European Blitz 2021"]
[Site "Katowice POL"]
[Date "2021.12.17"]
[Round "20.47"]
[White "Molenda, Marcin"]
[Black "Diermair, Andreas"]
[Result "0-1"]
[WhiteTitle "FM"]
[BlackTitle "GM"]
[WhiteElo "2365"]
[BlackElo "2490"]
[WhiteFideId "1173065"]
[BlackFideId "1612468"]
[EventDate "2021.12.17"]

1. d4 Nf6 2. c4 e6 3. Nf3 d5 4. Nc3 Bb4 5. cxd5 exd5 6. Bg5 h6 7. Bh4 O-O 8. e3
Bf5 9. Qb3 Bxc3+ 10. Qxc3 Nbd7 11. Be2 c6 12. O-O Re8 13. b4 g5 14. Bg3 Ne4 15.
Qc1 h5 16. h4 g4 17. Ng5 Nxg3 18. fxg3 Bg6 19. e4 f6 20. e5 fxg5 21. hxg5 a6 22.
Qd2 Qe7 23. a4 Rf8 24. Rf6 Nxf6 25. gxf6 Qh7 26. Qg5 Rae8 27. b5 Kh8 28. bxa6
bxa6 29. Rc1 Re6 30. Bxa6 Be4 31. Rf1 Rg8 32. Qd2 h4 33. f7 Rf8 34. Bc8 hxg3 0-1

[Event "European Blitz 2021"]
[Site "Katowice POL"]
[Date "2021.12.17"]
[Round "20.49"]
[White "Balacek, Tadeas"]
[Black "Smieszek, Wojciech"]
[Result "1-0"]
[WhiteTitle "CM"]
[WhiteElo "2367"]
[BlackElo "2094"]
[WhiteFideId "327646"]
[BlackFideId "1156047"]
[EventDate "2021.12.17"]

1. d4 Nf6 2. c4 c5 3. d5 e6 4. Nc3 exd5 5. cxd5 d6 6. Nf3 g6 7. g3 Bg7 8. Bg2
O-O 9. O-O Re8 10. h3 a6 11. a4 Nbd7 12. Qc2 Nh5 13. g4 Nhf6 14. e4 Ne5 15. Nxe5
Rxe5 16. Bf4 Re8 17. Rad1 Qc7 18. Bg3 Nd7 19. f4 c4 20. Kh2 Rb8 21. e5 dxe5 22.
f5 b5 23. fxg6 hxg6 24. d6 Qa5 25. Bd5 Rf8 26. Qxg6 b4 27. Bxf7+ Rxf7 28. Qxf7+
Kh8 29. Nd5 Bb7 30. Qh5+ Kg8 31. Ne7# 1-0

[Event "European Blitz 2021"]
[Site "Katowice POL"]
[Date "2021.12.17"]
[Round "20.50"]
[White "Wilk, Krzysztof"]
[Black "Kowalczyk, Mariusz"]
[Result "0-1"]
[WhiteElo "2121"]
[BlackElo "2047"]
[WhiteFideId "1116193"]
[BlackFideId "1126202"]
[EventDate "2021.12.17"]

1. b4 Nf6 2. Bb2 a5 3. b5 d5 4. e3 e6 5. Nf3 Be7 6. c4 O-O 7. Be2 b6 8. cxd5
Nxd5 9. O-O Bb7 10. a4 c5 11. bxc6 Nxc6 12. Nc3 Ndb4 13. Nb5 Bf6 14. Bxf6 Qxf6
15. d4 Rfd8 16. Qb3 Ne7 17. Rac1 Ned5 18. Ne5 Rac8 19. Bf3 Ba6 20. Rfd1 Qg5 21.
Rxc8 Rxc8 22. Nd6 Rf8 23. Rc1 Qe7 24. Ne4 f6 25. Nc6 Qd7 26. Nxb4 Nxb4 27. Nd2
Rc8 28. Qb1 Qxa4 29. h4 Rxc1+ 30. Qxc1 Qc2 31. Qe1 a4 32. Be4 Qc3 33. Qd1 Bb5
34. Nb1 Qc7 35. Qh5 f5 36. Bf3 Qc1+ 37. Kh2 Qxb1 38. Be2 Bd7 39. Qg5 Nc6 40. Bf3
Qb4 41. h5 Qe7 42. Qg3 h6 43. Qc7 Nd8 44. Qxb6 Nf7 45. Qa7 Qd6+ 46. g3 Ng5 47.
Be2 Bc6 48. Qa6 Qd5 0-1

[Event "European Blitz 2021"]
[Site "Katowice POL"]
[Date "2021.12.17"]
[Round "20.51"]
[White "Dudzinski, Pawel"]
[Black "Budzisz, Adrian"]
[Result "0-1"]
[WhiteTitle "FM"]
[WhiteElo "2193"]
[BlackElo "1985"]
[WhiteFideId "1117890"]
[BlackFideId "21860238"]
[EventDate "2021.12.17"]

1. e4 e6 2. d4 d5 3. Nd2 c5 4. Ngf3 Nf6 5. exd5 exd5 6. Be2 Be7 7. dxc5 Bxc5 8.
Nb3 Bb6 9. O-O O-O 10. Bg5 Qd6 11. Bxf6 Qxf6 12. c3 Rd8 13. Nfd4 Nc6 14. Bf3
Nxd4 15. Nxd4 Bxd4 16. cxd4 Be6 17. Qd2 Rac8 18. Rac1 h6 19. h3 Bxh3 20. Rxc8
Bxc8 21. Rc1 Qb6 22. Bxd5 Rxd5 23. Rxc8+ Kh7 24. Qc2+ Qg6 25. Qxg6+ Kxg6 26. Rc7
Rb5 27. b3 Kf6 28. Kf1 a5 29. Rc4 Ke6 30. Ke2 Rg5 31. g3 f6 32. Kd3 Kd6 33. Rc8
h5 34. a4 Rg4 35. Rh8 Rg5 36. Kc4 g6 37. Rh7 Kc6 38. Re7 Rf5 39. f4 g5 40. fxg5
fxg5 41. Re6+ Kd7 42. d5 Rf3 43. Rh6 h4 44. gxh4 Rf4+ 45. Kc5 Rxh4 46. Rg6 Rb4
47. Rg7+ Ke8 48. Rxg5 Rxb3 49. Rg7 Rb4 50. Kd6 b5 51. Ra7 0-1

[Event "European Blitz 2021"]
[Site "Katowice POL"]
[Date "2021.12.17"]
[Round "20.52"]
[White "Przybylski, Bartosz"]
[Black "Kukula, Pawel"]
[Result "0-1"]
[WhiteElo "2085"]
[BlackElo "2109"]
[WhiteFideId "1126652"]
[BlackFideId "1115081"]
[EventDate "2021.12.17"]

1. e4 Nc6 2. Nf3 d6 3. Bc4 Nf6 4. d3 Bg4 5. h3 Bxf3 6. Qxf3 Ne5 7. Qe2 Nxc4 8.
dxc4 g6 9. O-O Bg7 10. Nc3 O-O 11. Bg5 c6 12. e5 dxe5 13. Qxe5 Re8 14. Qe2 Qb6
15. Rab1 h6 16. Bf4 e5 17. Be3 Qc7 18. Rbd1 Kh7 19. a4 Nh5 20. Bc5 Nf4 21. Qf3
Rad8 22. Rfe1 b6 23. Be3 Ne6 24. a5 Nd4 25. Bxd4 exd4 26. Ne4 f5 27. Ng3 bxa5
28. Rxe8 Rxe8 29. b3 c5 30. Qd5 Qe5 31. Qb7 Re7 32. Qc8 f4 33. Nf1 Qc7 34. Qg4
h5 35. Qf3 Qe5 36. Qd3 Qe4 37. Ra1 Qxd3 38. cxd3 g5 39. f3 Rb7 40. Rxa5 Rxb3 41.
Rxc5 Rxd3 42. Rc7 a5 43. Ra7 Ra3 44. c5 Kg6 45. Nd2 d3 46. Ne4 Bd4+ 47. Kh2 Ra2
48. Rd7 Be3 49. Rxd3 Ra1 50. g4 h4 51. Rc3 Ra2+ 52. Kh1 Bd4 53. Rc2 Rxc2 0-1

[Event "European Blitz 2021"]
[Site "Katowice POL"]
[Date "2021.12.17"]
[Round "20.53"]
[White "Kolasa, Pjotrs"]
[Black "Pavlidou, Ekaterini"]
[Result "0-1"]
[BlackTitle "WIM"]
[WhiteElo "2051"]
[BlackElo "2203"]
[WhiteFideId "11604255"]
[BlackFideId "4213262"]
[EventDate "2021.12.17"]

1. Nf3 c5 2. g3 Nc6 3. Bg2 e5 4. O-O d5 5. c4 Nf6 6. cxd5 Nxd5 7. d3 Be7 8. Nc3
Nc7 9. Nd2 O-O 10. Nc4 f6 11. a3 Be6 12. b4 cxb4 13. axb4 Bxb4 14. Qb3 a5 15.
Ba3 Nd4 16. Qa2 Bxc3 17. Bxf8 Bxa1 18. Qxa1 Nxe2+ 19. Kh1 Qxf8 20. Bxb7 Bd5+ 21.
Bxd5+ Nxd5 22. Qa2 Nec3 23. Qb2 0-1

[Event "European Blitz 2021"]
[Site "Katowice POL"]
[Date "2021.12.17"]
[Round "20.55"]
[White "Zylka, Stanislaw"]
[Black "Grochol, Kamil"]
[Result "1-0"]
[WhiteTitle "FM"]
[WhiteElo "2406"]
[BlackElo "1972"]
[WhiteFideId "1189654"]
[BlackFideId "21819629"]
[EventDate "2021.12.17"]

1. e4 c5 2. Nf3 Nc6 3. Bb5 d6 4. O-O Bd7 5. Re1 Nf6 6. c3 a6 7. Bf1 Bg4 8. h3
Bxf3 9. Qxf3 e6 10. Qd1 d5 11. e5 Nd7 12. d4 cxd4 13. cxd4 Qb6 14. Be3 Qxb2 15.
Nd2 Qa3 16. Rb1 Rb8 17. Qg4 h5 18. Qg3 g6 19. Nf3 Be7 20. h4 b5 21. Rec1 Na5 22.
Rc7 Qxa2 23. Rbc1 Nc4 24. Bg5 Qa5 25. Rc6 Bxg5 26. Nxg5 Qd2 27. Qf3 Rf8 28. Rd1
Qb2 29. Bd3 a5 30. Nxf7 Ndxe5 31. dxe5 Nxe5 32. Rxe6+ Kd7 33. Qxd5+ Kc7 34. Re7+
Kb6 35. Rxe5 Rxf7 36. Qe6+ Ka7 37. Qxf7+ Rb7 38. Re7 Qxf2+ 39. Qxf2+ 1-0

[Event "European Blitz 2021"]
[Site "Katowice POL"]
[Date "2021.12.17"]
[Round "20.57"]
[White "Bogdanov, Ignat"]
[Black "Kutowski, Marcel"]
[Result "1/2-1/2"]
[WhiteElo "2058"]
[BlackElo "1894"]
[WhiteFideId "14139650"]
[BlackFideId "21878285"]
[EventDate "2021.12.17"]

1. e4 e6 2. d4 d5 3. Nd2 dxe4 4. Nxe4 Nf6 5. Bg5 Be7 6. Bxf6 gxf6 7. Nf3 f5 8.
Ned2 c5 9. c3 cxd4 10. Nxd4 Nc6 11. N2f3 Nxd4 12. Qxd4 Qxd4 13. Nxd4 Bd7 14.
O-O-O O-O-O 15. Bb5 Bxb5 16. Nxb5 a6 17. Nd4 Bc5 18. Nf3 Bxf2 19. Ne5 f6 20. Nf7
Rxd1+ 21. Rxd1 Rf8 22. Nd6+ Kc7 23. Nc4 b5 24. Na5 Bb6 25. Nb3 f4 26. Kc2 Rg8
27. Rd2 Be3 28. Re2 e5 29. a4 bxa4 30. Na5 f5 31. Nc4 e4 32. g3 h5 33. Nxe3 fxe3
34. Rxe3 h4 35. c4 Kd6 36. Kc3 Kc5 37. gxh4 Rh8 38. Rh3 Rh5 39. Kd2 Kxc4 40. Ke3
Kb3 41. Kf4+ Kxb2 1/2-1/2

[Event "European Blitz 2021"]
[Site "Katowice POL"]
[Date "2021.12.17"]
[Round "20.58"]
[White "Bognar, Csaba Dr."]
[Black "Cukrowski, Filip"]
[Result "0-1"]
[WhiteTitle "FM"]
[BlackTitle "FM"]
[WhiteElo "2135"]
[BlackElo "2367"]
[WhiteFideId "709760"]
[BlackFideId "1171097"]
[EventDate "2021.12.17"]

1. d4 Nf6 2. c4 e6 3. Nf3 b6 4. g3 Bb7 5. Bg2 c5 6. O-O cxd4 7. Nxd4 Bxg2 8.
Kxg2 Qc8 9. b3 Qb7+ 10. f3 Be7 11. Nc3 O-O 12. e4 d6 13. Be3 a6 14. Qd2 Nc6 15.
Nde2 Rac8 16. Kg1 b5 17. cxb5 axb5 18. Rfc1 b4 19. Na4 d5 20. exd5 Nxd5 21. Bf2
Rfd8 22. Qe1 Ne5 23. Nd4 Nd3 24. Qd2 Nxc1 25. Rxc1 Nc3 26. Nxc3 bxc3 27. Rxc3
Qb4 28. Nc6 Rxc6 29. Qxd8+ Bxd8 30. Rxc6 h5 31. Rc8 Qd6 32. b4 Kh7 33. b5 Bb6
34. Rc6 Bxf2+ 35. Kxf2 Qd2+ 36. Kg1 Qxa2 37. b6 Qb1+ 38. Kg2 Qb5 39. Rd6 Kg6 40.
Kh3 Kf6 41. g4 hxg4+ 42. fxg4 Ke7 43. Rd2 Qxb6 44. Rg2 g5 45. Kg3 Qe3# 0-1

[Event "European Blitz 2021"]
[Site "Katowice POL"]
[Date "2021.12.17"]
[Round "20.60"]
[White "Druckenthaner, Andreas"]
[Black "Sowinski, Pawel"]
[Result "1-0"]
[WhiteTitle "FM"]
[WhiteElo "2291"]
[BlackElo "2075"]
[WhiteFideId "1600567"]
[BlackFideId "21881979"]
[EventDate "2021.12.17"]

1. e4 e6 2. Nc3 d5 3. Qe2 d4 4. Nd1 g6 5. h4 h5 6. d3 c5 7. Nf3 Nc6 8. g3 e5 9.
Bh3 Bxh3 10. Rxh3 Qd7 11. Rh1 O-O-O 12. Bd2 Bg7 13. a3 f5 14. Ng5 Nh6 15. b4 c4
16. b5 Nb8 17. dxc4 fxe4 18. Qxe4 Nf5 19. Nb2 Rhf8 20. Nd3 Nd6 21. Qd5 Rf5 22.
Nc5 Qc7 23. Nce6 Qxc4 24. Qxc4+ Nxc4 25. Nxg7 Rf6 26. N7e6 Rd6 27. Nc5 Nxd2 28.
Kxd2 Rxf2+ 29. Kd3 Rg2 30. Nce4 Rd5 31. a4 Nd7 32. Rag1 Rxg1 33. Rxg1 Nc5+ 34.
Nxc5 Rxc5 35. Ne4 Rd5 36. Rf1 a6 37. Rf6 axb5 38. axb5 Kd7 39. Rf7+ Kc8 40. b6
Rd8 41. Rc7+ Kb8 42. Rg7 Rc8 43. Rxg6 Rc6 44. Rxc6 bxc6 45. g4 hxg4 46. h5 Kb7
47. h6 c5 48. h7 c4+ 49. Kxc4 g3 50. Nxg3 1-0

[Event "European Blitz 2021"]
[Site "Katowice POL"]
[Date "2021.12.17"]
[Round "21.42"]
[White "Janaszak, Dawid"]
[Black "Kowalczyk, Mariusz"]
[Result "1-0"]
[WhiteTitle "FM"]
[WhiteElo "2333"]
[BlackElo "2047"]
[WhiteFideId "1119206"]
[BlackFideId "1126202"]
[EventDate "2021.12.17"]

1. e4 d6 2. Nc3 c6 3. a4 Qc7 4. d4 Nf6 5. g3 e5 6. Nge2 Be7 7. Bg2 O-O 8. h3 Re8
9. O-O Bf8 10. g4 g6 11. f4 exd4 12. Nxd4 Na6 13. f5 gxf5 14. Nxf5 Bxf5 15. Rxf5
Bg7 16. Bf4 Qb6+ 17. Kh1 Qxb2 18. Bd2 Nxe4 19. Nxe4 Qxa1 20. Qxa1 Bxa1 21. Nxd6
Re2 22. Bh6 f6 23. Bf1 Re1 24. Kg2 Rae8 25. Bc4+ R8e6 26. Nxb7 Nc7 27. Nd8 Re5
28. Rxe5 Bxe5 29. Nxe6 Nd5 30. Bxd5 cxd5 31. Nc5 Kf7 32. Nd3 Bd4 33. Kf3 Ke6 34.
Be3 Bc3 35. Bxa7 1-0

[Event "European Blitz 2021"]
[Site "Katowice POL"]
[Date "2021.12.17"]
[Round "22.30"]
[White "Diermair, Andreas"]
[Black "Czerw, Dawid"]
[Result "1-0"]
[WhiteTitle "GM"]
[BlackTitle "FM"]
[WhiteElo "2490"]
[BlackElo "2396"]
[WhiteFideId "1612468"]
[BlackFideId "1145746"]
[EventDate "2021.12.17"]

1. d4 Nf6 2. Nf3 e6 3. g3 d5 4. Bg2 b5 5. O-O Bb7 6. a4 b4 7. c4 bxc3 8. Nxc3
Nbd7 9. Bf4 Bd6 10. Bxd6 cxd6 11. Nb5 Qb6 12. Qc1 Rc8 13. Qf4 Ne4 14. Ng5 f5 15.
Bxe4 dxe4 16. Nxe6 g6 17. Nxd6+ Ke7 18. Nxc8+ Rxc8 19. Nc5 Nxc5 20. dxc5 Rxc5
21. Rac1 Ba6 22. Qe3 Rd5 23. Qh6 Bxe2 24. Qxh7+ Kf6 25. Rc7 Ke5 26. Qg7+ 1-0

[Event "European Blitz 2021"]
[Site "Katowice POL"]
[Date "2021.12.17"]
[Round "22.47"]
[White "Karpus, Michal"]
[Black "Redzisz, Michal"]
[Result "1-0"]
[WhiteTitle "FM"]
[BlackTitle "FM"]
[WhiteElo "2185"]
[BlackElo "2261"]
[WhiteFideId "1174088"]
[BlackFideId "21816107"]
[EventDate "2021.12.17"]

1. e4 e5 2. Nf3 Nf6 3. Nxe5 d6 4. Nf3 Nxe4 5. d4 d5 6. Bd3 Bd6 7. O-O O-O 8. c4
c6 9. Qc2 Na6 10. a3 Bf5 11. Nc3 Re8 12. Re1 Qc7 13. Nxe4 dxe4 14. Bxe4 Bg6 15.
Bd2 Rad8 16. Bc3 Qd7 17. h3 Nc7 18. Bxg6 hxg6 19. Rxe8+ Rxe8 20. Re1 Ne6 21. Re3
Nf4 22. Qd2 Rd8 23. Qe1 Qf5 24. Nd2 Kh7 25. Ne4 Bc7 26. Nc5 b6 27. Ne4 g5 28.
Ng3 Qg6 29. Qd1 Bb8 30. b4 f5 31. a4 g4 32. hxg4 fxg4 33. b5 cxb5 34. axb5 Nh5
35. Nxh5 Qxh5 36. g3 Rf8 37. Re4 Rxf2 38. Kxf2 Qh2+ 39. Ke3 Bxg3 40. Kd3 Qh3 1-0

[Event "European Blitz 2021"]
[Site "Katowice POL"]
[Date "2021.12.17"]
[Round "22.60"]
[White "Sokolowski, Jacek"]
[Black "Kot, Jerzy"]
[Result "1-0"]
[BlackTitle "FM"]
[WhiteElo "2131"]
[BlackElo "1833"]
[WhiteFideId "1138049"]
[BlackFideId "1101595"]
[EventDate "2021.12.17"]

1. e4 c5 2. c3 d5 3. exd5 Qxd5 4. d4 Nf6 5. Nf3 g6 6. Be2 Bg7 7. c4 Qd8 8. d5 b5
9. O-O O-O 10. cxb5 Nxd5 11. Qb3 Bb7 12. Rd1 e6 13. Nc3 Nd7 14. Ne4 Qb6 15. Bg5
h6 16. Bh4 f5 17. Nc3 g5 18. Bxg5 hxg5 19. Nxg5 Nxc3 20. bxc3 Ne5 21. Nxe6 Rf7
22. Ng5 Qg6 23. f4 c4 24. Bxc4 Nxc4 25. Qxc4 Rc8 26. Qxf7+ Qxf7 27. Nxf7 Rxc3
28. Ne5 Be4 29. Rac1 Ra3 30. Rd2 Bf8 31. Rc8 Bb7 32. Rb8 Bd5 33. Rxd5 1-0